00674nam a2200217Ia 4500003000400000005001700004008004100021020001800062040001800080041000800098082002100106100001600127245011800143250001200261260005800273300002700331650002100358650003200379650002500411700002000436OSt20240606145323.0210716s2012 xx 000 0 und d a9789325974920 cAIMIT LIBRARY aeng a374.22 21bRAIA aRaiz,Allon. aWhat to do when you want to give up : bhelp for entrepreneurs in tough times /cBy Allon Raiz and Trevor Waller. a1st ed. aNew Delhi :bVikas Publishing House Pvt Ltd ,c2012. av,178p. ;bPBc19.7 cm aPassion and pain aAre you thinking big enough aWhat are you missing aWaller, Trevor.